000 01261cam a22001934a 4500
005 20250605164359.0
008 250528s ||||||||||||||||||||||||d
035 _a24503
040 _aGR-AtMCL
_bgre
_dGR-AtMCL
_eAACR2
245 1 _aΜια Ιδέα για να Λάμψει, Χρειάζεται Φώς
260 _c2017
300 _a50
520 _aΤο Κινητό δεν είναι Απλά μια Συσκευή αλλά μια Αλλαγή του Τρόπου Ζωής μας, Μια Ιδέα για να Λάμψει Χρειάζεται Φως, Tech Experts: Οι Άνθρωποι που Μπορείς να Εμπιστευτείς στην Τεχνολογία, Η Δημιουργικότητα Ακμάζει στην Ελληνική Αγορά Επικοινωνίας, Δημιουργώντας μια Premium Online Παρουσία Υψηλής Αισθητικής, Δημιουργώντας Σχέσεις Εγγύτητας, Το Luxury στην Ελλάδα συνήθως Συγχέεται με το Premium, Σκιαγραφώντας την ΕΚΕ στην Ελλάδα.
700 1 _aΚορδελάς Δημήτρης
_99464
942 _cCR
710 2 _aThe Marketing Week
_99825
999 _c9380
_d9380